000 00295nam a22001337a 4500
008 170608b xxu||||| |||| 00| 0 eng d
020 _a9780673997579
041 _aeng
080 _24TH
_a327
100 _a18
101 _aSHP
245 _aCOMPARATIVE GOVERNMENT
_cCURTIS,M
942 _2udc
_cBK
999 _c16461
_d16461